000 00629nam a22001937a 4500
003 OSt
005 20240708013942.0
008 240708b |||||||| |||| 00| 0 eng d
040 _aDWC- Main Lib
_cOC
082 _aFil. 346.73 S939p 1998
100 _aSuarez , Carlos B.
245 _aPointers in business law:
_bfor CPA reviewers volume 1. /
_cCarlos B. Suarez.
250 _a2019 edition.
260 _aManila, Philippines :
_bGIC Enterprises & Co. Inc.,
_cc1998.
300 _a639 pages :
_billustrations;
_c23cm.
504 _aIncludes bibliographic references.
650 _a1. Commercial law.
942 _2ddc
_cBK - FIL
_n1
999 _c2070
_d2070